[Event "PHI-ch"]
[Site "Manila"]
[Date "2011.07.17"]
[Round "3"]
[White "Salvador, Roland"]
[Black "So, Wesley"]
[Result "0-1"]
[WhiteElo "2527"]
[BlackElo "2658"]
[PlyCount "136"]
[EventDate "2011.07.16"]
[EventType "tourn"]
[EventRounds "13"]
[EventCountry "PHI"]
[EventCategory "11"]
[SourceTitle "CBM 143 Extra"]
[Source "ChessBase"]
[SourceDate "2011.08.29"]
[SourceVersion "1"]
[SourceVersionDate "2011.08.29"]
[SourceQuality "1"]

1. d4 Nf6 2. Nf3 e6 3. c4 d5 4. Nc3 Be7 5. g3 O-O 6. cxd5 exd5 7. Bg2 Nbd7 8.
O-O c6 9. Bf4 Re8 10. Qc2 Nf8 11. Ne5 Bd6 12. Rad1 Ne6 13. Be3 Bxe5 14. dxe5
Ng4 15. Bc1 Nxe5 16. e4 d4 17. f4 Nd7 18. Ne2 c5 19. e5 Qb6 20. Kh1 a5 21. g4
Qa6 22. Ng3 b5 23. Ne4 Bb7 24. Nd6 Bxg2+ 25. Qxg2 Rf8 26. Rd3 Rad8 27. g5 Qa8
28. Nxb5 g6 29. Rdf3 c4 30. Nd6 d3 31. Nxc4 Ndc5 32. Nd6 Nd4 33. Rh3 Nf5 34.
Qxa8 Rxa8 35. Be3 Nxe3 36. Rxe3 Rfb8 37. Rf2 Rb4 38. b3 a4 39. f5 axb3 40. axb3
Rd4 41. Rd2 Rg4 42. Rg3 Rxg3 43. hxg3 gxf5 44. Kg2 Rb8 45. Nxf5 Rxb3 46. Kf3
Ne6 47. Ke3 Rb5 48. Kxd3 Rxe5 49. Rf2 Nxg5 50. g4 Re8 51. Ra2 Nf3 52. Ra4 Kf8
53. Kc3 Rd8 54. Rf4 Ne5 55. Re4 Rd3+ 56. Kc2 Rd5 57. Ra4 f6 58. Ne3 Rd7 59. Re4
Nc6 60. Nf5 Kf7 61. Kc3 Ne5 62. Kb4 Kg6 63. Ne3 Kg5 64. Kc5 Rd8 65. Ra4 Rd3 66.
Re4 h6 67. Kb5 Rc3 68. Kb4 Rc1 0-1

[Event "PHI-ch"]
[Site "Manila"]
[Date "2011.07.18"]
[Round "4"]
[White "So, Wesley"]
[Black "Barcenilla, Rogelio"]
[Result "1-0"]
[WhiteElo "2658"]
[BlackElo "2518"]
[PlyCount "89"]
[EventDate "2011.07.16"]
[EventType "tourn"]
[EventRounds "13"]
[EventCountry "PHI"]
[EventCategory "11"]
[SourceTitle "CBM 143 Extra"]
[Source "ChessBase"]
[SourceDate "2011.08.29"]
[SourceVersion "1"]
[SourceVersionDate "2011.08.29"]
[SourceQuality "1"]

1. d4 Nf6 2. c4 g6 3. Nc3 Bg7 4. e4 d6 5. f3 O-O 6. Be3 Nc6 7. Nge2 a6 8. Qd2
Rb8 9. Rc1 Re8 10. b3 e5 11. d5 Ne7 12. Ng3 h5 13. Bd3 Kh8 14. b4 Neg8 15. O-O
Kh7 16. c5 Bh6 17. Nge2 Bd7 18. a4 Bxe3+ 19. Qxe3 Nh6 20. b5 axb5 21. Nxb5 Bxb5
22. Bxb5 Re7 23. a5 dxc5 24. Qxc5 b6 25. axb6 Rxb6 26. Bc6 Ne8 27. Bxe8 Qxe8
28. Rb1 Rxb1 29. Rxb1 Ng8 30. Nc3 Nf6 31. Nb5 Qd8 32. Na7 Qd6 33. Qc3 Nxd5 34.
exd5 Qxd5 35. Nc6 Re6 36. Nb4 Qb7 37. Rc1 Kg8 38. Nd3 Qd5 39. Re1 f6 40. Rc1 g5
41. Nb4 Qd6 42. Qc4 Kg7 43. Qxc7+ Qxc7 44. Rxc7+ Kg6 45. Rc6 1-0

[Event "PHI-ch"]
[Site "Manila"]
[Date "2011.07.18"]
[Round "5"]
[White "Nolte, Rolando"]
[Black "So, Wesley"]
[Result "1/2-1/2"]
[WhiteElo "2433"]
[BlackElo "2658"]
[PlyCount "97"]
[EventDate "2011.07.16"]
[EventType "tourn"]
[EventRounds "13"]
[EventCountry "PHI"]
[EventCategory "11"]
[SourceTitle "CBM 143 Extra"]
[Source "ChessBase"]
[SourceDate "2011.08.29"]
[SourceVersion "1"]
[SourceVersionDate "2011.08.29"]
[SourceQuality "1"]

1. e4 c6 2. c4 d5 3. exd5 cxd5 4. cxd5 Nf6 5. Nc3 Nxd5 6. Nf3 Nc6 7. d4 e6 8.
Bd3 Be7 9. O-O O-O 10. a3 Bf6 11. Be4 Qd6 12. Qd3 h6 13. Nb5 Qd7 14. Bxd5 exd5
15. Bf4 a6 16. Nd6 Qc7 17. Qd2 Qb6 18. Nxc8 Raxc8 19. Be5 Na5 20. Rab1 Nc4 21.
Qf4 Bg5 22. Qg4 Qe6 23. Qg3 f6 24. Bf4 Qf5 25. Bxg5 hxg5 26. Rfe1 Rfe8 27. h4
gxh4 28. Nxh4 Qh5 29. Ng6 Kf7 30. Nf4 Qf5 31. Rbc1 Nxb2 32. Qb3 Qxf4 33. Qxb7+
Kg6 34. Qxb2 Rxc1 35. Rxc1 Re2 36. Qxe2 Qxc1+ 37. Kh2 Qf4+ 38. Kg1 Qxd4 39.
Qxa6 Qd1+ 40. Qf1 Qd2 41. Qb1+ Kh6 42. a4 d4 43. Kf1 d3 44. Qe1 Qc2 45. Qe3+ g5
46. Ke1 Qc3+ 47. Kd1 Kg6 48. g3 Kf7 49. a5 1/2-1/2

[Event "PHI-ch"]
[Site "Manila"]
[Date "2011.07.20"]
[Round "8"]
[White "So, Wesley"]
[Black "Barbosa, Oliver"]
[Result "1/2-1/2"]
[WhiteElo "2658"]
[BlackElo "2514"]
[PlyCount "60"]
[EventDate "2011.07.16"]
[EventType "tourn"]
[EventRounds "13"]
[EventCountry "PHI"]
[EventCategory "11"]
[SourceTitle "CBM 143 Extra"]
[Source "ChessBase"]
[SourceDate "2011.08.29"]
[SourceVersion "1"]
[SourceVersionDate "2011.08.29"]
[SourceQuality "1"]

1. e4 c6 2. c4 d5 3. exd5 cxd5 4. d4 Nf6 5. Nc3 e6 6. Nf3 Bb4 7. Bd3 dxc4 8.
Bxc4 O-O 9. O-O Nbd7 10. Qe2 Nb6 11. Bd3 Nbd5 12. Nxd5 exd5 13. Bd2 Bxd2 14.
Qxd2 Qb6 15. a4 Be6 16. a5 Qd6 17. Rfc1 Rfc8 18. h3 g6 19. Rxc8+ Rxc8 20. Rc1
Rc7 21. Rxc7 Qxc7 22. Ne5 Nd7 23. Nxd7 Bxd7 24. h4 h5 25. g3 Kg7 26. Kg2 Be6
27. Qb4 b6 28. axb6 Qxb6 29. Qxb6 axb6 30. Kf3 Bd7 1/2-1/2

[Event "PHI-ch"]
[Site "Manila"]
[Date "2011.07.21"]
[Round "9"]
[White "Torre, Eugenio"]
[Black "So, Wesley"]
[Result "1/2-1/2"]
[WhiteElo "2491"]
[BlackElo "2658"]
[PlyCount "70"]
[EventDate "2011.07.16"]
[EventType "tourn"]
[EventRounds "13"]
[EventCountry "PHI"]
[EventCategory "11"]
[SourceTitle "CBM 143 Extra"]
[Source "ChessBase"]
[SourceDate "2011.08.29"]
[SourceVersion "1"]
[SourceVersionDate "2011.08.29"]
[SourceQuality "1"]

1. d4 Nf6 2. Nf3 d5 3. Bf4 c5 4. e3 Nc6 5. Nc3 Bg4 6. Be2 e6 7. O-O Bxf3 8.
Bxf3 cxd4 9. exd4 Bd6 10. Bg5 Be7 11. Ne2 O-O 12. c3 Nd7 13. Bxe7 Qxe7 14. a4
a6 15. a5 Qd8 16. Qa4 Qc7 17. Nc1 b5 18. axb6 Nxb6 19. Qd1 e5 20. dxe5 Nxe5 21.
Be2 a5 22. Qd4 a4 23. Nd3 Nc6 24. Qf4 Qxf4 25. Nxf4 d4 26. Bf3 Rac8 27. Bxc6
Rxc6 28. cxd4 Rd8 29. d5 Rc4 30. g3 Kf8 31. Rfd1 g5 32. Ng2 Rxd5 33. Ne3 Rxd1+
34. Rxd1 Rb4 35. Rd2 h5 1/2-1/2

[Event "PHI-ch"]
[Site "Manila"]
[Date "2011.07.21"]
[Round "10"]
[White "Ranola, Yves"]
[Black "So, Wesley"]
[Result "0-1"]
[WhiteElo "2377"]
[BlackElo "2658"]
[PlyCount "98"]
[EventDate "2011.07.16"]
[EventType "tourn"]
[EventRounds "13"]
[EventCountry "PHI"]
[EventCategory "11"]
[SourceTitle "CBM 143 Extra"]
[Source "ChessBase"]
[SourceDate "2011.08.29"]
[SourceVersion "1"]
[SourceVersionDate "2011.08.29"]
[SourceQuality "1"]

1. c4 e5 2. g3 Nf6 3. Bg2 d5 4. cxd5 Nxd5 5. Nc3 Nb6 6. Nf3 Nc6 7. O-O Be7 8.
a3 O-O 9. b4 Be6 10. d3 a5 11. b5 Nd4 12. Rb1 f6 13. Nd2 Qc8 14. e3 Nf5 15. Qc2
Rd8 16. Bb2 a4 17. Ne2 Nd6 18. Bc3 Qd7 19. Bb4 Nd5 20. Bxd6 cxd6 21. Nc4 Rdc8
22. Qb2 Bd8 23. b6 Ne7 24. Bxb7 Qxb7 25. Nxd6 Qd5 26. Nxc8 Rxc8 27. e4 Qxd3 28.
b7 Rb8 29. Rfd1 Qf3 30. Qb5 Kf7 31. Qd3 Qxd3 32. Rxd3 Ke8 33. Nc3 Bb3 34. Rd6
Ba5 35. Ra6 Bxc3 36. Ra8 Nc6 37. Rc1 Bd4 38. Rxc6 Kd7 39. Rxb8 Kxc6 40. Rh8
Kxb7 41. Rxh7 Bc5 42. Rxg7+ Kb6 43. h4 Bxa3 44. h5 Bf8 45. Rg6 a3 46. Rxf6+ Kb7
47. h6 a2 48. Rxf8 a1=Q+ 49. Kh2 Qa6 0-1

[Event "PHI-ch"]
[Site "Manila"]
[Date "2011.07.22"]
[Round "12"]
[White "Bitoon, Richard"]
[Black "So, Wesley"]
[Result "1/2-1/2"]
[WhiteElo "2491"]
[BlackElo "2658"]
[PlyCount "60"]
[EventDate "2011.07.16"]
[EventType "tourn"]
[EventRounds "13"]
[EventCountry "PHI"]
[EventCategory "11"]
[SourceTitle "CBM 143 Extra"]
[Source "ChessBase"]
[SourceDate "2011.08.29"]
[SourceVersion "1"]
[SourceVersionDate "2011.08.29"]
[SourceQuality "1"]

1. e4 c5 2. Nf3 d6 3. d4 cxd4 4. Qxd4 Nc6 5. Bb5 Bd7 6. Bxc6 Bxc6 7. Nc3 h6 8.
Be3 Nf6 9. O-O-O e5 10. Qc4 Qc8 11. Nd2 Be7 12. f3 O-O 13. Nb3 Rd8 14. Rd2 d5
15. exd5 Nxd5 16. Nxd5 Bxd5 17. Qxc8 Raxc8 18. Rhd1 Be6 19. Rxd8+ Bxd8 20. Bxa7
Bf5 21. Na1 Bg5+ 22. Kb1 e4 23. fxe4 Bxe4 24. g3 f5 25. Re1 Kf7 26. Bd4 Be7 27.
Re2 Bd6 28. Nb3 g5 29. Kc1 Kg6 30. Bf2 Kf6 1/2-1/2

[Event "Jakarta Indonesia op 1st"]
[Site "Jakarta"]
[Date "2011.10.13"]
[Round "1"]
[White "So, Wesley"]
[Black "Situru, Nathanael"]
[Result "1-0"]
[WhiteElo "2655"]
[BlackElo "2314"]
[PlyCount "85"]
[EventDate "2011.10.13"]
[EventType "swiss"]
[EventRounds "9"]
[EventCountry "INA"]
[SourceTitle "EXT 2012"]
[Source "ChessBase"]
[SourceDate "2011.11.24"]
[SourceVersion "1"]
[SourceVersionDate "2011.11.24"]
[SourceQuality "1"]

1. d4 d5 2. Nf3 e6 3. c4 c6 4. e3 Nf6 5. b3 Nbd7 6. Bd3 Bb4+ 7. Nbd2 Qe7 8. Bb2
O-O 9. O-O Ba3 10. Bc3 Bb4 11. Bxb4 Qxb4 12. Qc2 h6 13. a3 Qe7 14. cxd5 exd5
15. b4 Re8 16. Rfc1 a6 17. Nb3 Ne4 18. Nc5 Nf8 19. Bxe4 dxe4 20. Nd2 Bf5 21.
Re1 g6 22. Nf1 g5 23. f4 Bh7 24. fxg5 hxg5 25. Ng3 b6 26. Na4 Qb7 27. Qe2 Bg6
28. Rf1 Nh7 29. Nf5 Re6 30. h4 gxh4 31. Nxh4 a5 32. Qb2 axb4 33. Qxb4 Rb8 34.
Rab1 Qc7 35. Nc5 Rf6 36. Na6 Qg3 37. Nxb8 Qxe3+ 38. Kh2 Qg5 39. g3 e3 40. Nd7
Bxb1 41. Nxf6+ Nxf6 42. Qxb1 Ng4+ 43. Kh3 1-0

[Event "Jakarta Indonesia op 1st"]
[Site "Jakarta"]
[Date "2011.10.14"]
[Round "3"]
[White "So, Wesley"]
[Black "Dao, Thien Hai"]
[Result "1/2-1/2"]
[WhiteElo "2655"]
[BlackElo "2493"]
[PlyCount "45"]
[EventDate "2011.10.13"]
[EventType "swiss"]
[EventRounds "9"]
[EventCountry "INA"]
[SourceTitle "EXT 2012"]
[Source "ChessBase"]
[SourceDate "2011.11.24"]
[SourceVersion "1"]
[SourceVersionDate "2011.11.24"]
[SourceQuality "1"]

1. e4 e5 2. Nf3 Nf6 3. Nxe5 d6 4. Nf3 Nxe4 5. d4 d5 6. Bd3 Nc6 7. O-O Be7 8.
Re1 Bg4 9. c3 f5 10. Qb3 Na5 11. Qa4+ Nc6 12. Ba6 Bxf3 13. Bxb7 O-O 14. Nd2
Bxg2 15. Kxg2 Bd6 16. Nf3 Ne7 17. Bxa8 Qxa8 18. Qd7 Ng6 19. Qe6+ Kh8 20. Ng5
Rf6 21. Nf7+ Kg8 22. Nh6+ Kh8 23. Nf7+ 1/2-1/2

[Event "Jakarta Indonesia op 1st"]
[Site "Jakarta"]
[Date "2011.10.16"]
[Round "4"]
[White "Wahono, Awam"]
[Black "So, Wesley"]
[Result "0-1"]
[WhiteElo "2379"]
[BlackElo "2655"]
[PlyCount "70"]
[EventDate "2011.10.13"]
[EventType "swiss"]
[EventRounds "9"]
[EventCountry "INA"]
[SourceTitle "EXT 2012"]
[Source "ChessBase"]
[SourceDate "2011.11.24"]
[SourceVersion "1"]
[SourceVersionDate "2011.11.24"]
[SourceQuality "1"]

1. e4 c6 2. Nf3 d5 3. Nc3 Bg4 4. h3 Bxf3 5. Qxf3 Nf6 6. d3 e6 7. g3 Bb4 8. Bd2
Qb6 9. O-O-O d4 10. Nb1 Na6 11. c4 Qa5 12. a3 Bxd2+ 13. Nxd2 O-O 14. Nb3 Qb6
15. Kc2 Nc5 16. Nxc5 Qxc5 17. Bg2 Nd7 18. Qf4 e5 19. Qd2 a5 20. Ra1 b5 21. b4
Qa7 22. cxb5 cxb5 23. Rhc1 Rfc8+ 24. Kd1 Rc3 25. Rab1 Rac8 26. Bf3 axb4 27.
axb4 Qa4+ 28. Ke1 Rxc1+ 29. Rxc1 Rxc1+ 30. Qxc1 Qxb4+ 31. Kf1 Qc3 32. Qb1 b4
33. Bd1 Nc5 34. Qa2 g6 35. Be2 Nxd3 0-1

[Event "Jakarta Indonesia op 1st"]
[Site "Jakarta"]
[Date "2011.10.17"]
[Round "6"]
[White "Kotanjian, Tigran"]
[Black "So, Wesley"]
[Result "1/2-1/2"]
[WhiteElo "2546"]
[BlackElo "2655"]
[PlyCount "39"]
[EventDate "2011.10.13"]
[EventType "swiss"]
[EventRounds "9"]
[EventCountry "INA"]
[SourceTitle "EXT 2012"]
[Source "ChessBase"]
[SourceDate "2011.11.24"]
[SourceVersion "1"]
[SourceVersionDate "2011.11.24"]
[SourceQuality "1"]

1. d4 Nf6 2. c4 e6 3. Nc3 Bb4 4. Qc2 O-O 5. a3 Bxc3+ 6. Qxc3 d5 7. Bg5 c5 8.
dxc5 d4 9. Qg3 Nbd7 10. Bh6 Ne8 11. Nf3 e5 12. Rd1 Qe7 13. b4 a5 14. e4 axb4
15. axb4 Ra3 16. Bg5 Nef6 17. Bh6 Ne8 18. Bg5 Nef6 19. Bh6 Ne8 20. Bg5 1/2-1/2

[Event "Jakarta Indonesia op 1st"]
[Site "Jakarta"]
[Date "2011.10.17"]
[Round "7"]
[White "So, Wesley"]
[Black "Megaranto, Susanto"]
[Result "1/2-1/2"]
[WhiteElo "2655"]
[BlackElo "2530"]
[PlyCount "60"]
[EventDate "2011.10.13"]
[EventType "swiss"]
[EventRounds "9"]
[EventCountry "INA"]
[SourceTitle "EXT 2012"]
[Source "ChessBase"]
[SourceDate "2011.11.24"]
[SourceVersion "1"]
[SourceVersionDate "2011.11.24"]
[SourceQuality "1"]

1. e4 e5 2. Nf3 Nc6 3. Bb5 a6 4. Ba4 d6 5. O-O Bd7 6. c3 Nge7 7. d4 Ng6 8. d5
Nb8 9. c4 Be7 10. Nc3 O-O 11. Bxd7 Qxd7 12. Qd3 a5 13. Be3 Na6 14. Nd2 f5 15.
exf5 Rxf5 16. g3 Raf8 17. a3 Bg5 18. Nde4 Be7 19. Rab1 Nc5 20. Bxc5 dxc5 21. d6
cxd6 22. Nxc5 Qc8 23. N5e4 Rf3 24. Qe2 Qh3 25. Nd5 Bd8 26. Nxd6 Bb6 27. Nxb6
Nh4 28. gxh4 R8f4 29. Kh1 e4 30. Qd2 Qxh2+ 1/2-1/2

[Event "Saint Louis op 3rd"]
[Site "Saint Louis"]
[Date "2012.11.24"]
[Round "4"]
[White "So, Wesley"]
[Black "Brooks, Michael A"]
[Result "1-0"]
[WhiteElo "2678"]
[BlackElo "2430"]
[PlyCount "53"]
[EventDate "2012.11.23"]
[EventType "swiss"]
[EventRounds "6"]
[EventCountry "USA"]
[SourceTitle "CBM 151 Extra"]
[Source "ChessBase"]
[SourceDate "2012.12.18"]
[SourceVersion "1"]
[SourceVersionDate "2012.12.18"]
[SourceQuality "1"]

1. d4 Nf6 2. c4 e6 3. Nc3 Bb4 4. Qc2 d5 5. cxd5 exd5 6. Bg5 Nbd7 7. e3 c6 8.
Bd3 Qe7 9. Nge2 h6 10. Bh4 Nf8 11. O-O Bd6 12. Bxf6 Qxf6 13. e4 dxe4 14. Nxe4
Qd8 15. d5 cxd5 16. Qa4+ Ke7 17. N2c3 Be6 18. Nxd6 Qxd6 19. Rac1 Qb6 20. Nb5
Nd7 21. Qb4+ Kd8 22. a4 a5 23. Qc3 Nf6 24. Nc7 Rb8 25. Bb5 Ke7 26. Nxe6 fxe6
27. Qg3 1-0

[Event "Asia zt 3.3"]
[Site "Tagaytay City"]
[Date "2013.01.22"]
[Round "1"]
[White "So, Wesley"]
[Black "Tolentino, Rustum"]
[Result "1-0"]
[WhiteElo "2682"]
[BlackElo "2364"]
[PlyCount "55"]
[EventDate "2013.01.22"]
[EventType "swiss"]
[EventRounds "9"]
[EventCountry "PHI"]
[SourceTitle "CBM 152 Extra"]
[Source "ChessBase"]
[SourceDate "2013.02.25"]
[SourceVersion "1"]
[SourceVersionDate "2013.02.25"]
[SourceQuality "1"]

1. d4 d5 2. c4 e6 3. Nc3 Be7 4. cxd5 exd5 5. Bf4 c6 6. e3 Bd6 7. Bxd6 Qxd6 8.
Bd3 Ne7 9. Qc2 g6 10. Nf3 Bf5 11. Bxf5 Nxf5 12. O-O O-O 13. e4 dxe4 14. Nxe4
Qd8 15. Qb3 b6 16. Qc3 Nd6 17. Nfg5 Nxe4 18. Nxe4 Re8 19. Rfe1 Re6 20. Nd2 Rf6
21. Nc4 Nd7 22. Rad1 Qc7 23. g3 Rc8 24. Re7 Qd8 25. Rde1 Nf8 26. d5 Rf5 27. Re8
Qc7 28. Rxc8 1-0

[Event "Asia zt 3.3"]
[Site "Tagaytay City"]
[Date "2013.01.23"]
[Round "2"]
[White "Torre, Eugenio"]
[Black "So, Wesley"]
[Result "0-1"]
[WhiteElo "2485"]
[BlackElo "2682"]
[PlyCount "76"]
[EventDate "2013.01.22"]
[EventType "swiss"]
[EventRounds "9"]
[EventCountry "PHI"]
[SourceTitle "CBM 152 Extra"]
[Source "ChessBase"]
[SourceDate "2013.02.25"]
[SourceVersion "1"]
[SourceVersionDate "2013.02.25"]
[SourceQuality "1"]

1. d4 Nf6 2. Nf3 g6 3. c3 Bg7 4. Bg5 O-O 5. Nbd2 d5 6. e3 b6 7. b4 c5 8. bxc5
bxc5 9. Qa4 Bf5 10. Be2 Nbd7 11. O-O Qb6 12. Qa3 Rab8 13. Bf4 Qb2 14. Qa5 e5
15. Nxe5 Qxd2 16. Nxd7 Nxd7 17. Bxb8 Nxb8 18. Bf3 cxd4 19. exd4 Bxd4 20. Rad1
Qxc3 21. Qxc3 Bxc3 22. Bxd5 Nd7 23. Rc1 Ba5 24. Rfd1 Ne5 25. h3 Nd3 26. Rc6 Nb4
27. Rcc1 Nd3 28. Rc6 Nf4 29. Bc4 Bb6 30. Re1 Ne6 31. Rd6 Rc8 32. Bb3 Nd4 33.
Ba4 Be6 34. a3 Bc5 35. Ra6 Bb6 36. Bd1 Bc4 37. Ra4 Bb5 38. Rb4 Ba5 0-1

[Event "Asia zt 3.3"]
[Site "Tagaytay City"]
[Date "2013.01.24"]
[Round "4"]
[White "Nguyen, Ngoc Truong Son"]
[Black "So, Wesley"]
[Result "1/2-1/2"]
[WhiteElo "2631"]
[BlackElo "2682"]
[PlyCount "87"]
[EventDate "2013.01.22"]
[EventType "swiss"]
[EventRounds "9"]
[EventCountry "PHI"]
[SourceTitle "CBM 152 Extra"]
[Source "ChessBase"]
[SourceDate "2013.02.25"]
[SourceVersion "1"]
[SourceVersionDate "2013.02.25"]
[SourceQuality "1"]

1. d4 Nf6 2. c4 g6 3. Nf3 Bg7 4. g3 c6 5. Bg2 d5 6. Qb3 O-O 7. O-O Qb6 8. Nc3
Bf5 9. cxd5 Qxb3 10. axb3 Nxd5 11. Bg5 Re8 12. Nxd5 cxd5 13. b4 Nc6 14. b5 Nd8
15. Rfc1 Ne6 16. Be3 Be4 17. Ra4 a6 18. bxa6 Rxa6 19. Rb4 Rc6 20. Ra1 Rb8 21.
Ng5 Nxg5 22. Bxg5 Bxg2 23. Kxg2 f6 24. Bf4 e5 25. Be3 Rc2 26. Ra5 exd4 27. Bxd4
Rxe2 28. Ba7 Bf8 29. Rb3 Ra8 30. Rxb7 Re7 31. Rxe7 Bxe7 32. Bb6 Rxa5 33. Bxa5
Kf7 34. Kf3 Ke6 35. Bb6 Bd6 36. Bd4 h5 37. h3 g5 38. Ke3 g4 39. hxg4 hxg4 40.
Kd3 f5 41. Be3 Be7 42. Bf4 Bc5 43. Be3 Be7 44. Bf4 1/2-1/2

[Event "Asia zt 3.3"]
[Site "Tagaytay City"]
[Date "2013.01.27"]
[Round "7"]
[White "So, Wesley"]
[Black "Nguyen, Duc Hoa"]
[Result "1-0"]
[WhiteElo "2682"]
[BlackElo "2495"]
[PlyCount "107"]
[EventDate "2013.01.22"]
[EventType "swiss"]
[EventRounds "9"]
[EventCountry "PHI"]
[SourceTitle "CBM 152 Extra"]
[Source "ChessBase"]
[SourceDate "2013.02.25"]
[SourceVersion "1"]
[SourceVersionDate "2013.02.25"]
[SourceQuality "1"]

1. c4 e6 2. Nc3 d5 3. d4 Be7 4. cxd5 exd5 5. Bf4 Nf6 6. e3 c6 7. Bd3 Nbd7 8. h3
Nf8 9. Nf3 Ng6 10. Bh2 O-O 11. O-O Re8 12. Ne5 Nxe5 13. dxe5 Nd7 14. Bc2 Bc5
15. e4 d4 16. Na4 Bb6 17. Nxb6 Qxb6 18. Bb3 Nc5 19. Qxd4 Nxb3 20. Qxb6 axb6 21.
axb3 Be6 22. b4 Rad8 23. Rfd1 g5 24. Bg3 Rxd1+ 25. Rxd1 Ra8 26. f3 Ra2 27. Bf2
Rxb2 28. Bxb6 h5 29. Bc5 g4 30. hxg4 hxg4 31. Be7 Kh7 32. Rd8 g3 33. Rd1 b6 34.
Rc1 Bc4 35. Bh4 Rxb4 36. Bxg3 b5 37. Bh4 Rb2 38. Bf6 Rd2 39. Kh2 Rf2 40. Kg3
Rf1 41. Rc2 Re1 42. Be7 Rd1 43. Kf4 Kg6 44. g4 Rh1 45. Rd2 Rh3 46. Bf6 Bf1 47.
Be7 Kh7 48. Rd8 Bg2 49. Kg5 Rxf3 50. Bf6 Rxf6 51. Kxf6 Bxe4 52. Kxf7 b4 53. e6
b3 54. Rb8 1-0

[Event "Asia zt 3.3"]
[Site "Tagaytay City"]
[Date "2013.01.28"]
[Round "8"]
[White "Antonio, Rogelio Jr"]
[Black "So, Wesley"]
[Result "1/2-1/2"]
[WhiteElo "2541"]
[BlackElo "2682"]
[PlyCount "60"]
[EventDate "2013.01.22"]
[EventType "swiss"]
[EventRounds "9"]
[EventCountry "PHI"]
[SourceTitle "CBM 152 Extra"]
[Source "ChessBase"]
[SourceDate "2013.02.25"]
[SourceVersion "1"]
[SourceVersionDate "2013.02.25"]
[SourceQuality "1"]

1. e4 e6 2. d4 d5 3. Nc3 Nf6 4. Bg5 dxe4 5. Nxe4 Nbd7 6. Nxf6+ Nxf6 7. Nf3 c5
8. Bb5+ Bd7 9. Bxd7+ Qxd7 10. O-O cxd4 11. Qxd4 Qxd4 12. Nxd4 Bc5 13. Rad1
O-O-O 14. Bxf6 gxf6 15. Nb3 Bb6 16. Rfe1 f5 17. Kf1 Rd7 18. Rxd7 Kxd7 19. Rd1+
Ke7 20. Ke2 Rg8 21. g3 h5 22. Rd3 h4 23. Nd2 hxg3 24. hxg3 Rc8 25. c3 Bc5 26.
Nb3 Bb6 27. Nd2 Bc5 28. Nb3 Bb6 29. Nd2 Bc5 30. Nb3 Bb6 1/2-1/2

[Event "Asia zt 3.3"]
[Site "Tagaytay City"]
[Date "2013.01.29"]
[Round "9"]
[White "Cao, Sang"]
[Black "So, Wesley"]
[Result "1/2-1/2"]
[WhiteElo "2488"]
[BlackElo "2682"]
[PlyCount "60"]
[EventDate "2013.01.22"]
[EventType "swiss"]
[EventRounds "9"]
[EventCountry "PHI"]
[SourceTitle "CBM 152 Extra"]
[Source "ChessBase"]
[SourceDate "2013.02.25"]
[SourceVersion "1"]
[SourceVersionDate "2013.02.25"]
[SourceQuality "1"]

1. e4 e5 2. Nf3 Nf6 3. Nc3 Nc6 4. Bc4 Bc5 5. O-O d6 6. h3 O-O 7. d3 h6 8. Nd5
Be6 9. Be3 Bxe3 10. Nxe3 Bxc4 11. Nxc4 Re8 12. Re1 d5 13. Ncd2 dxe4 14. Nxe4
Nxe4 15. dxe4 Qxd1 16. Raxd1 Rad8 17. c3 f6 18. Kf1 Kf7 19. Ke2 Rxd1 20. Rxd1
Rd8 21. Rxd8 Nxd8 22. Ne1 Ne6 23. Nd3 a5 24. a4 b6 25. f3 Ke7 26. Kd2 Kd7 27.
b3 Kd6 28. Kc2 Nc5 29. Nb2 Ne6 30. Nd3 Nc5 1/2-1/2

[Event "USA-chT College"]
[Site "Rockville"]
[Date "2013.04.06"]
[Round "1"]
[White "Auger, Michael W"]
[Black "So, Wesley"]
[Result "0-1"]
[WhiteElo "2089"]
[BlackElo "2673"]
[PlyCount "65"]
[EventDate "2013.04.06"]
[EventType "team-tourn"]
[EventRounds "3"]
[EventCountry "USA"]
[SourceTitle "CBM 153 Extra"]
[Source "ChessBase"]
[SourceDate "2013.04.22"]
[SourceVersion "1"]
[SourceVersionDate "2013.04.22"]
[SourceQuality "1"]
[WhiteTeam "Illinois Univ"]
[BlackTeam "Webster Univ"]
[WhiteTeamCountry "USA"]
[BlackTeamCountry "USA"]

1. e4 e6 2. d4 d5 3. Nc3 Nf6 4. e5 Nfd7 5. Nce2 c5 6. f4 Nc6 7. Nf3 Be7 8. c3
O-O 9. Be3 f6 10. a3 fxe5 11. fxe5 Qb6 12. Qd2 Na5 13. Nc1 Qc7 14. h4 Nc4 15.
Bxc4 dxc4 16. Rh3 cxd4 17. cxd4 Nb6 18. Ne2 Nd5 19. Rg3 Bd7 20. Rc1 b5 21. Nf4
Nxf4 22. Bxf4 Bc6 23. Ke2 Be4 24. Ng5 Bxg5 25. Bxg5 Bd3+ 26. Ke3 Qb7 27. Bf6
Rf7 28. h5 Kh8 29. Qf2 gxf6 30. exf6 Qe4+ 31. Kd2 Qf5 32. Rf3 Qg5+ 33. Kc3 0-1

[Event "USA-chT College"]
[Site "Rockville"]
[Date "2013.04.07"]
[Round "3"]
[White "So, Wesley"]
[Black "Sadorra, Julio Catalino"]
[Result "1-0"]
[WhiteElo "2673"]
[BlackElo "2483"]
[PlyCount "81"]
[EventDate "2013.04.06"]
[EventType "team-tourn"]
[EventRounds "3"]
[EventCountry "USA"]
[SourceTitle "CBM 153 Extra"]
[Source "ChessBase"]
[SourceDate "2013.04.22"]
[SourceVersion "1"]
[SourceVersionDate "2013.04.22"]
[SourceQuality "1"]
[WhiteTeam "Webster Univ"]
[BlackTeam "Dallas UT"]
[WhiteTeamCountry "USA"]
[BlackTeamCountry "USA"]

1. c4 e6 2. Nc3 d5 3. d4 Bb4 4. Nf3 Nf6 5. Qa4+ Nc6 6. e3 O-O 7. Bd2 Qe8 8. Qc2
dxc4 9. Bxc4 e5 10. d5 Ne7 11. e4 Ng6 12. O-O a6 13. Rac1 Nh5 14. Ne1 Bd6 15.
g3 Bh3 16. Ng2 Nf6 17. Rfe1 h6 18. Ne3 Qd7 19. Be2 b5 20. a4 Rab8 21. axb5 axb5
22. Qd3 b4 23. Ncd1 Qa4 24. b3 Qa7 25. Nc4 Bc5 26. Be3 Rfd8 27. Na5 Qxa5 28.
Rxc5 Qa2 29. Rxc7 Rbc8 30. Ra7 Qc2 31. Qxc2 Rxc2 32. Bd3 Rcc8 33. f3 Bd7 34.
Bd2 Rb8 35. Ne3 Ne8 36. Nc2 Nd6 37. Nxb4 Bb5 38. Bc2 Nf8 39. Rc1 Be2 40. Nc6
Bxf3 41. Ba5 1-0

[Event "Las Vegas National op"]
[Site "Las Vegas"]
[Date "2013.06.08"]
[Round "4"]
[White "Kekelidze, Mikheil"]
[Black "So, Wesley"]
[Result "0-1"]
[WhiteElo "2503"]
[BlackElo "2682"]
[PlyCount "56"]
[EventDate "2013.06.07"]
[EventType "swiss"]
[EventRounds "6"]
[EventCountry "USA"]
[SourceTitle "CBM 154 Extra"]
[Source "ChessBase"]
[SourceDate "2013.06.25"]
[SourceVersion "2"]
[SourceVersionDate "2013.06.25"]
[SourceQuality "1"]

1. d4 Nf6 2. c4 g6 3. Nc3 d5 4. Bg5 Ne4 5. Bf4 Nxc3 6. bxc3 Bg7 7. e3 c5 8.
cxd5 Qxd5 9. Nf3 O-O 10. Be2 cxd4 11. cxd4 Qa5+ 12. Qd2 Nc6 13. Rb1 b6 14. Bb5
Bb7 15. Ke2 Qxd2+ 16. Kxd2 Rac8 17. Rhc1 Rfd8 18. Ke2 e6 19. g4 Bf8 20. Ne5 Nb4
21. Rxc8 Rxc8 22. Bc4 Nxa2 23. Ra1 Nc3+ 24. Kd3 Bb4 25. f3 a5 26. Nd7 Bxf3 27.
Nxb6 Be4+ 28. Kd2 Na4+ 0-1